header

Coping with risk in agriculture (Record no. 13498)

MARC details
000 -LEADER
fixed length control field 01421nam a22003374a 4500
082 04 - DEWEY DECIMAL CLASSIFICATION NUMBER
Classification number 630/.685
245 00 - TITLE STATEMENT
Title Coping with risk in agriculture
250 ## - EDITION STATEMENT
Edition statement 2nd ed.
260 ## - PUBLICATION, DISTRIBUTION, ETC. (IMPRINT)
Place of publication Wallingford, Oxfordshire ;
-- Cambridge, MA :
Name of publisher CABI Pub.,
Year of publication c2004.
300 ## - PHYSICAL DESCRIPTION
Number of Pages xii, 332 p.
500 ## - GENERAL NOTE
General note Rev. ed. of: Coping with risk in agriculture / J. Brian Hardaker, Ruud B.M. Huirne, and Jock R. Anderson. c1997.
650 #0 - SUBJECT ADDED ENTRY--TOPICAL TERM
Topical Term Farm management
Topical Term Farm management
700 1# - ADDED ENTRY--PERSONAL NAME
Personal name Hardaker, J. B.
Personal name Hardaker, J. B.
856 40 - ELECTRONIC LOCATION AND ACCESS
Uniform Resource Identifier http://site.ebrary.com/lib/rucke/Doc?id=10257008

No items available.

© 2026 Rongo University
Contact us: librarian | system librarian | Rongo university